00657nas a2200217 4500001001000000003000900010005001700019007000300036008003400039040005400073041000900127072000800136100002400144100002100168100002200189245008400211650001000295650001900305650000700324773010800331BR9406202BR-BrBNA20231205093641.0ta230509b bl.|||p| |||| 00| 00por d aBR-BrBNAbporcBiblioteca Nacional de Agricultura a(Pt) aP351 aCamargo, F.A. de O.1 aSantos, G. de A.1 aRossiello, R.O.P.1 aEfeito dos acidos aceticos e butirico sobre o crescimento de plantulas de arroz aArroz aAcidez do Solo aPH0 tPesquisa Agropecuaria Brasileira (Brazil)xISSN 0100-204xg(Sep 1993), v. 28(9) p. 1011-1018wBR9406202